| 000 | 00520nam a22001817a 4500 | ||
|---|---|---|---|
| 005 | 20260424130523.0 | ||
| 008 | 260424b |||||||| |||| 00| 0 eng d | ||
| 020 |
_a9781944660765 _c1195.00 |
||
| 040 | _aMAIN | ||
| 041 | _aEnglish | ||
| 082 |
_a510.76 _bMAT |
||
| 100 |
_aBin, Xiong (ed) _926737 |
||
| 245 |
_aMathematical Olympiad _b: In China (2015-2020) Problems And Solution |
||
| 260 |
_aSingapore _bWorld Scientific _c2024 |
||
| 300 |
_a344 _bVol.17th |
||
| 650 |
_aMathematics (PM USHA) _926738 |
||
| 942 | _cBK | ||
| 999 |
_c60726 _d60726 |
||